| 000 | 01354nam a2200337Ia 4500 | ||
|---|---|---|---|
| 001 | ebr10135723 | ||
| 003 | CaPaEBR | ||
| 006 | m u | ||
| 007 | cr cn||||||||| | ||
| 008 | 041209s2005 enk sb 001 0 eng d | ||
| 010 | _z 2004060108 | ||
| 020 | _z1403980454 | ||
| 020 | _z1403965706 (hbk.) | ||
| 040 |
_aCaPaEBR _cCaPaEBR |
||
| 035 | _a(OCoLC)560470763 | ||
| 050 | 1 | 4 |
_aGV706.32 _b.I62 2005eb |
| 082 | 0 | 4 |
_a796/.089 _222 |
| 245 | 0 | 0 |
_aIn the game _h[electronic resource] : _brace, identity, and sports in the twentieth century / _cedited by Amy Bass. |
| 260 |
_aLondon ; _aNew York : _bPalgrave Macmillan, _c2005. |
||
| 300 | _a273 p. | ||
| 504 | _aIncludes bibliographical references and index. | ||
| 533 |
_aElectronic reproduction. _bPalo Alto, Calif. : _cebrary, _d2009. _nAvailable via World Wide Web. _nAccess may be limited to ebrary affiliated libraries. |
||
| 650 | 0 |
_aRacism in sports _xHistory _y20th century. |
|
| 650 | 0 |
_aDiscrimination in sports _xHistory _y20th century. |
|
| 650 | 0 |
_aSports _xSocial aspects _xHistory _y20th century. |
|
| 650 | 0 |
_aEthnic relations _xHistory _y20th century. |
|
| 655 | 7 |
_aElectronic books. _2local |
|
| 700 | 1 | _aBass, Amy. | |
| 710 | 2 | _aebrary, Inc. | |
| 856 | 4 | 0 |
_uhttp://site.ebrary.com/lib/rucke/Doc?id=10135723 _zAn electronic book accessible through the World Wide Web; click to view |
| 999 |
_c87015 _d87015 |
||